000 00841nam a2200253 a 4500
001 000001838
005 20260114124842.0
008 090629s2007 dr 000 0 spa d
020 _a9789945860900
040 _aDO-SdBNP
_bspa
_cBNPHU
082 _a248.32
_bJ58o
100 1 _aJesús, F. Benito de
_d1961-
_95987
245 1 3 _aLa oración que conquista todo /
_cJesús de Benito; edición y diagramación Iván La Hoz; prólogo Juan A. Rosario.
260 _a[S.l. :
_bs.n.],
_c2007.
300 _a186 p. ;
_c21cm.
500 _aIncluye índice
504 _aIncluye datos biográficos del autor en la solapa.
590 _aInventariado, 2018/BT
650 4 _aOración
_9270
650 0 _aMeditaciones
_95988
700 1 _aHoz, Iván La,
_eed.
_95989
700 1 _aRosario, Juan A.,
_epról.
_95990
910 _aJornada de catalogación
999 _c1715
_d1715